MARC details
| 000 -LEADER |
| fixed length control field |
01885naa a2200457 i 4500 |
| 003 - CONTROL NUMBER IDENTIFIER |
| control field |
EG-GICUC |
| 005 - DATE AND TIME OF LATEST TRANSACTION |
| control field |
20260121101439.0 |
| 008 - FIXED-LENGTH DATA ELEMENTS--GENERAL INFORMATION |
| fixed length control field |
251207s1927 fr o|||fr|||| 001 0 fre d |
| 040 ## - CATALOGING SOURCE |
| Original cataloging agency |
EG-GiCUC |
| Language of cataloging |
fre |
| Transcribing agency |
EG-GiCUC |
| Modifying agency |
EG-GiCUC |
| Description conventions |
Rda |
| 041 ## - LANGUAGE CODE |
| Language code of text/sound track or separate title |
fre |
| 082 04 - DEWEY DECIMAL CLASSIFICATION NUMBER |
| Edition number |
21 |
| Classification number |
341.1 |
| Item number |
RE |
| 092 04 - LOCALLY ASSIGNED DEWEY CALL NUMBER (OCLC) |
| Edition number |
21 |
| 099 ## - LOCAL FREE-TEXT CALL NUMBER (OCLC) |
| Classification number |
Law1 11 341.1 RE 1927 |
| 245 00 - TITLE STATEMENT |
| Title |
Recueil des cours. |
| Number of part/section of a work |
1926, Tome 13. |
| 264 #1 - PRODUCTION, PUBLICATION, DISTRIBUTION, MANUFACTURE, AND COPYRIGHT NOTICE |
| Place of production, publication, distribution, manufacture |
Paris : |
| Name of producer, publisher, distributor, manufacturer |
Hachette, |
| Date of production, publication, distribution, manufacture, or copyright notice |
1927. |
| 300 ## - PHYSICAL DESCRIPTION |
| Extent |
607 page : |
| Other physical details |
Photographs ; |
| Dimensions |
24 cm. |
| 336 ## - CONTENT TYPE |
| Source |
rda contenu |
| Content type term |
texte |
| 337 ## - MEDIA TYPE |
| Source |
rda medias |
| Media type term |
Ordinateur |
| 338 ## - CARRIER TYPE |
| Source |
transporteur rda |
| Carrier type term |
Ressource en ligne |
| 490 1# - SERIES STATEMENT |
| Series statement |
Académie de droit international ; |
| Volume/sequential designation |
1926, t.13. |
| 500 ## - GENERAL NOTE |
| General note |
"1926 III." |
| 500 ## - GENERAL NOTE |
| General note |
At head of title: Académie de droit international. |
| 504 ## - BIBLIOGRAPHY, ETC. NOTE |
| Bibliography, etc. note |
Includes bibliographical references and index. |
| 505 ## - FORMATTED CONTENTS NOTE |
| Formatted contents note |
Contient les cours de l'Académie y compris : |
| Title |
L'imposition fiscale des étrangers / |
| Statement of responsibility |
par Benvenuto Griziotti -- |
| Title |
Histoire de la doctrine pacifique et de son influence sur le développement du droit international / |
| Statement of responsibility |
par Christian L. Lange -- |
| Title |
a naissance et la reconnaissance des états / |
| Statement of responsibility |
par R. Erich -- |
| Title |
L'idée moderne de l'état / |
| Statement of responsibility |
par H. Krabbe. |
| 546 ## - LANGUAGE NOTE |
| Language note |
Texte en français |
| 650 14 - SUBJECT ADDED ENTRY--TOPICAL TERM |
| Topical term or geographic name entry element |
Droit international |
| Source of heading or term |
qrmak |
| 650 1# - SUBJECT ADDED ENTRY--TOPICAL TERM |
| Topical term or geographic name entry element |
Taxation |
| Source of heading or term |
qrmak |
| 650 14 - SUBJECT ADDED ENTRY--TOPICAL TERM |
| Topical term or geographic name entry element |
Noncitizens |
| Source of heading or term |
qrmak |
| 650 14 - SUBJECT ADDED ENTRY--TOPICAL TERM |
| Topical term or geographic name entry element |
Relations internationales |
| Source of heading or term |
qrmak |
| 650 1# - SUBJECT ADDED ENTRY--TOPICAL TERM |
| Topical term or geographic name entry element |
Reconnaissance |
| Source of heading or term |
qrmak |
| 651 1# - SUBJECT ADDED ENTRY--GEOGRAPHIC NAME |
| Source of heading or term |
qrmak |
| 700 1# - ADDED ENTRY--PERSONAL NAME |
| Personal name |
Lange, Christian L., |
| Dates associated with a name |
1869-1938, |
| Relator term |
Auteur |
| 700 1# - ADDED ENTRY--PERSONAL NAME |
| Personal name |
Griziotti, Benvenuto, |
| Dates associated with a name |
1884-1956, |
| Relator term |
Auteur |
| 700 1# - ADDED ENTRY--PERSONAL NAME |
| Personal name |
Erich, Rafael, |
| Dates associated with a name |
1879-1946, |
| Relator term |
Auteur |
| 700 1# - ADDED ENTRY--PERSONAL NAME |
| Personal name |
Krabbe, H., |
| Dates associated with a name |
1857-1936, |
| Relator term |
Auteur |
| 710 ## - ADDED ENTRY--CORPORATE NAME |
| Corporate name or jurisdiction name as entry element |
ACADÉMIE DE DROIT INTERNATIONAL. |
| 830 #0 - SERIES ADDED ENTRY--UNIFORM TITLE |
| Uniform title |
recueil des cours ; |
| Volume/sequential designation |
1926, Tome 13. |
| 856 40 - ELECTRONIC LOCATION AND ACCESS |
| Uniform Resource Identifier |
<a href="https://fll.law.cu.edu.eg/fulltext/bks/B11-05194.pdf">https://fll.law.cu.edu.eg/fulltext/bks/B11-05194.pdf</a> |
| 905 ## - Cataloger and Reviser Names |
| Cataloger Name: |
Rawan khaled |
| Revisor Name: |
Hassnaa |
| 942 ## - ADDED ENTRY ELEMENTS (KOHA) |
| Source of classification or shelving scheme |
Dewey Decimal Classification |
| Suppress in OPAC |
No |
| Koha item type |
Books |
| Edition |
21 |